[Event "Ogolnopolska Olimpiada Mlodziezy w Sportach Umyslowych - C14"]
[Site "Walbrzych, Zamek Ksiaz"]
[Date "2013-04-17"]
[Round "3.4"]
[White "Winiarski, Mikolaj"]
[Black "Czerniawski, Krzysztof"]
[Result "1-0"]
[WhiteTitle "I+"]
[BlackTitle "I"]
[WhiteElo "2096"]
[BlackElo "1696"]

1. d4 Nf6 2. c4 g6 3. f3 d5 4. cxd5 Nxd5 5. e4 Nb6 6. Nc3 Bg7 7. Be3 O-O 8. Qd2
e5 9. d5 N8d7 10. a4 Nf6 11. a5 Nbd7 12. g4 h5 13. h3 a6 14. Bd3 Ne8 15. Nge2
Nd6 16. Kd1 h4 17. Kc2 f6 18. b3 b6 19. Rhc1 Rf7 20. Na2 Nc5 21. Nb4 Qe8 22. Kb2
Bf8 23. Nc3 bxa5 24. Nc6 Ndb7 25. Na4 Nxd3+ 26. Qxd3 Bd6 27. Bc5 Kg7 28. Bxd6
Nxd6 29. Nc5 Qf8 30. Ne6+ Bxe6 31. dxe6 Re7 32. Nxe7 Qxe7 33. Rxa5 Qxe6 34. Rxc7+
Kh6 35. Rc6 1-0

[Event "Ogolnopolska Olimpiada Mlodziezy w Sportach Umyslowych - C14"]
[Site "Walbrzych, Zamek Ksiaz"]
[Date "2013-04-17"]
[Round "3.5"]
[White "Janik, Igor"]
[Black "Bilczewski, Kacper"]
[Result "1-0"]
[WhiteTitle "I+"]
[BlackTitle "I"]
[WhiteElo "1889"]
[BlackElo "1791"]

1. e4 e6 2. d4 d5 3. Nd2 Nf6 4. e5 Nfd7 5. Bd3 c5 6. c3 Nc6 7. Ne2 cxd4 8. cxd4
f6 9. exf6 Nxf6 10. Nf3 Bd6 11. O-O O-O 12. Bf4 Bxf4 13. Nxf4 Ne4 14. Ne2 Rxf3
15. Bxe4 Rf8 16. Bc2 Qf6 17. f4 Bd7 18. Qd2 Be8 19. f5 e5 20. Bb3 Bf7 21. Rad1
e4 22. Nc3 Rad8 23. a3 Ne7 24. g4 h6 25. Qe3 Nc6 26. Ne2 Qg5 27. Qg3 h5 28. h3
h4 29. Qf4 Qxf4 30. Nxf4 Rfe8 31. Ne2 g5 32. Kf2 Kg7 33. Ke3 Kf6 34. Rc1 Rd6 35.
Rc2 Red8 36. Ba2 a6 37. b4 b5 38. Rfc1 Ne7 39. Rc5 Rb8 40. Rc7 Rbd8 41. R1c5 R8d7
42. Rxd7 Rxd7 43. Nc1 Rb7 44. Nb3 Rd7 45. Bb1 Rb7 46. Na5 Ra7 47. Ba2 Ra8 48.
Rc7 Be8 49. Rc5 Bf7 50. Rc7 Be8 51. Bb3 Rb8 52. Rc5 Rd8 53. Rc7 Rd7 54. Rc2 Ra7
55. Rc1 Bf7 56. Rc5 Ra8 57. Rc7 Be8 58. Ke2 Rc8 59. Rxc8 Nxc8 60. Bxd5 Nd6 61.
Nb3 Bd7 62. Nc5 Bc8 63. Nxe4+ Nxe4 64. Bxe4 Ke7 65. Ke3 Kd6 66. f6 Ke6 67. Bf5+
1-0

[Event "Ogolnopolska Olimpiada Mlodziezy w Sportach Umyslowych - C14"]
[Site "Walbrzych, Zamek Ksiaz"]
[Date "2013-04-17"]
[Round "3.6"]
[White "Wisniewski, Michal"]
[Black "Januszkiewicz, Wojciech"]
[Result "1/2-1/2"]
[WhiteTitle "I"]
[BlackTitle "I"]
[WhiteElo "1848"]
[BlackElo "1729"]

1. e4 c5 2. Nf3 d6 3. Bb5+ Bd7 4. Bxd7+ Qxd7 5. c4 Nc6 6. d4 cxd4 7. Nxd4 Nf6 8.
Nc3 g6 9. O-O Bg7 10. Nde2 O-O 11. f3 Qd8 12. Be3 Nd7 13. Rc1 a5 14. a4 Nc5 15.
b3 Re8 16. Rb1 Nb4 17. Qd2 Qc8 18. Rfd1 Ra6 19. Nf4 e6 20. Nb5 Rd8 21. Qf2 Be5
22. Nh3 Bf6 23. Kh1 Ncd3 24. Qe2 Nc5 25. Qf2 Ncd3 26. Qe2 Nc5 27. Nf2 Bg7 28.
Nh3 Bf6 29. Qf2 Ncd3 30. Qe2 Nc5 31. Qf2 Ncd3 32. Qe2 Nc5 33. Qf2 Ncd3 34. Qe2
1/2-1/2

[Event "Ogolnopolska Olimpiada Mlodziezy w Sportach Umyslowych - C14"]
[Site "Walbrzych, Zamek Ksiaz"]
[Date "2013-04-17"]
[Round "3.7"]
[White "Choina, Michal"]
[Black "Adamczewski, Maciej"]
[Result "1/2-1/2"]
[WhiteTitle "II"]
[BlackTitle "I"]
[WhiteElo "1575"]
[BlackElo "1810"]

1. e4 e6 2. d4 d5 3. exd5 exd5 4. Nc3 Bb4 5. Bd2 Ne7 6. a3 Bd6 7. Bd3 Nbc6 8. Nge2
Bg4 9. h3 Bh5 10. Be3 f5 11. Qd2 Rf8 12. Bf4 h6 13. Bb5 g5 14. Bxd6 Qxd6 15. f4
O-O-O 16. fxg5 Bxe2 17. Nxe2 hxg5 18. Bxc6 Qxc6 19. Qxg5 Qxc2 20. Rc1 Qe4 21.
Qf4 Nc6 22. Qxe4 dxe4 23. Rc4 Rd5 24. O-O Rfd8 25. b4 a5 26. Rc5 axb4 27. axb4
Nxd4 28. Nxd4 Rxd4 29. Rcxf5 Rxb4 30. Rf8 Rxf8 31. Rxf8+ Kd7 32. Kf2 Rb2+ 33.
Ke3 Rxg2 34. Kxe4 b5 35. Kd4 Rg5 36. Rf3 Rh5 37. Kc3 Rh4 38. Rg3 c5 39. Rd3+ Kc6
40. Rg3 b4+ 41. Kb3 Kb5 42. Rf3 c4+ 43. Kb2 Ka4 44. Rf8 Rxh3 45. Ra8+ Kb5 46.
Rb8+ Kc5 47. Rc8+ Kd4 48. Rd8+ Ke4 49. Re8+ Kd3 50. Rd8+ Ke2 51. Rd4 Rc3 52. Rh4
Kf2 53. Rd4 Ke3 54. Rh4 Kd3 55. Rh3+ Kd2 56. Rh2+ Kd3 57. Rh3+ Kd4 58. Rxc3 bxc3+
59. Kc2 Kc5 60. Kxc3 1/2-1/2

[Event "Ogolnopolska Olimpiada Mlodziezy w Sportach Umyslowych - C14"]
[Site "Walbrzych, Zamek Ksiaz"]
[Date "2013-04-17"]
[Round "3.8"]
[White "Pham, Juliusz"]
[Black "Wacior, Maciej"]
[Result "0-1"]
[WhiteTitle "I"]
[BlackTitle "II+"]
[WhiteElo "1795"]
[BlackElo "1703"]

1. e4 c6 2. d4 d5 3. exd5 cxd5 4. c4 Nf6 5. Nc3 g6 6. Qb3 Bg7 7. cxd5 Nbd7 8. Nf3
O-O 9. Bc4 Nb6 10. O-O Bf5 11. Ne5 Rc8 12. Re1 Nxc4 13. Nxc4 Nxd5 14. Ne3 Nxe3
15. fxe3 b6 16. Bd2 e5 17. e4 exd4 18. exf5 dxc3 19. Bxc3 Bxc3 20. fxg6 Bxe1 21.
gxf7+ Rxf7 22. Rxe1 Qd4+ 23. Kh1 Qf2 24. Qe6 Rcf8 25. h3 Qxe1+ 0-1

[Event "Ogolnopolska Olimpiada Mlodziezy w Sportach Umyslowych - C14"]
[Site "Walbrzych, Zamek Ksiaz"]
[Date "2013-04-17"]
[Round "3.9"]
[White "Belczewski, Jacek"]
[Black "Mockun, Dawid"]
[Result "0-1"]
[WhiteTitle "II+"]
[BlackTitle "II+"]
[WhiteElo "1650"]
[BlackElo "1749"]

1. d4 d5 2. c4 e6 3. Nc3 Nf6 4. Bg5 c6 5. Nf3 Nbd7 6. e3 Qa5 7. Nd2 Bb4 8. Qc2
Ne4 9. Ndxe4 dxe4 10. Bf4 e5 11. Bg3 O-O 12. Be2 f5 13. dxe5 Nxe5 14. Rc1 Be6
15. a3 Bd6 16. Qa4 Qd8 17. c5 Bc7 18. Bxe5 Bxe5 19. Bc4 Qe7 20. Qb3 Rf6 21. Bxe6+
Rxe6 22. Ne2 Kh8 23. Rd1 Rg6 24. g3 Rb8 25. Qc2 Rf6 26. h4 Rff8 27. Nd4 Rbd8 28.
Ke2 Qf7 29. h5 h6 30. Rd2 Bxd4 31. Rxd4 Rxd4 32. exd4 f4 33. g4 f3+ 34. Kf1 Qf4
35. Rg1 e3 36. fxe3 Qxe3 37. Qf2 Qc1+ 38. Qe1 Qxe1+ 39. Kxe1 f2+ 40. Kf1 fxg1=Q+
41. Kxg1 Rf4 42. Kg2 Rxg4+ 43. Kf3 Rxd4 44. Ke3 Rd5 45. b4 g5 46. hxg6 Kg7 47.
Ke4 Kxg6 48. a4 a6 49. b5 axb5 50. axb5 Rxc5 51. bxc6 Rxc6 52. Kd5 h5 53. Ke4
Rf6 54. Ke5 h4 55. Ke4 h3 56. Kd5 h2 57. Ke5 h1=Q 58. Kd4 Qh5 59. Ke4 Ra6 60.
Kd4 Ra4+ 0-1

[Event "Ogolnopolska Olimpiada Mlodziezy w Sportach Umyslowych - C14"]
[Site "Walbrzych, Zamek Ksiaz"]
[Date "2013-04-17"]
[Round "3.10"]
[White "Badyra, Wasyl"]
[Black "Witczak, Jakub"]
[Result "0-1"]
[WhiteTitle "II"]
[BlackTitle "II+"]
[WhiteElo "1681"]
[BlackElo "1749"]

1. e4 c5 2. Nf3 Nc6 3. Bb5 g6 4. Nc3 Bg7 5. O-O d6 6. Re1 Bd7 7. Bxc6 Bxc6 8. d4
cxd4 9. Nxd4 Nf6 10. Bg5 O-O 11. Nxc6 bxc6 12. Qf3 Qa5 13. Bh4 Rab8 14. Rab1 Rfe8
15. h3 Nd7 16. a3 Rxb2 17. Rxb2 Bxc3 18. Rb7 Ne5 19. Qf4 Bxe1 20. Bxe7 Bd2 21.
Qf6 Qa6 22. Rc7 Ba5 23. Bxd6 Bxc7 24. Bxc7 Qb5 25. Kh2 Qc5 26. Qf4 Qe7 27. Ba5
Nc4 28. Bc3 Qd6 29. e5 Nxe5 30. g3 Qd5 31. h4 Nf3+ 32. Kg2 Nxh4+ 33. Kh3 Qh1+
34. Kg4 Re4 35. Qxe4 Qxe4+ 36. Kh3 Qh1+ 37. Kg4 Qf3+ 38. Kxh4 f5 39. Kg5 Kf7 0-1

[Event "Ogolnopolska Olimpiada Mlodziezy w Sportach Umyslowych - C14"]
[Site "Walbrzych, Zamek Ksiaz"]
[Date "2013-04-17"]
[Round "3.11"]
[White "Fudalej, Slawomir"]
[Black "Janiszewski, Filip"]
[Result "0-1"]
[WhiteTitle "II+"]
[BlackTitle "I"]
[WhiteElo "1620"]
[BlackElo "1745"]

1. d4 d5 2. c4 e6 3. Nc3 Nf6 4. Bg5 c6 5. e3 Nbd7 6. Nf3 Qa5 7. Bd3 Ne4 8. Qc2
Nxg5 9. Nxg5 dxc4 10. Bxc4 Qxg5 11. O-O Bb4 12. Ne4 Qd8 13. f4 Nb6 14. Bd3 Bd7
15. Rf3 Be7 16. Rg3 g6 17. Rf1 Nd5 18. a3 Qb6 19. Ng5 f5 20. Rff3 Bxg5 21. Rxg5
O-O-O 22. b4 Kb8 23. Rgg3 a5 24. bxa5 Qxa5 25. Qb3 Kc7 26. Bc4 Ra8 27. e4 Qe1+
28. Bf1 Qxe4 29. Qb2 Ra4 30. Rd3 Qxf4 31. Rgf3 Qd6 32. Rb3 Rb8 33. Rh3 Nf6 34.
d5 exd5 35. Rbe3 Re4 36. Rb3 Ng4 37. Rxh7 Qc5+ 38. Kh1 Nf2+ 39. Kg1 Nh3+ 40. Kh1
Qg1# 0-1

[Event "Ogolnopolska Olimpiada Mlodziezy w Sportach Umyslowych - C14"]
[Site "Walbrzych, Zamek Ksiaz"]
[Date "2013-04-17"]
[Round "3.12"]
[White "Klepek, Witold"]
[Black "Snihur, Adam"]
[Result "1-0"]
[WhiteTitle "I"]
[BlackTitle "II"]
[WhiteElo "1739"]
[BlackElo "1683"]

1. e4 c5 2. c3 Nf6 3. e5 Nd5 4. d4 e6 5. Nf3 Nc6 6. c4 Nb6 7. d5 exd5 8. cxd5 Ne7
9. d6 Nc6 10. Bb5 f6 11. O-O g6 12. Re1 Kf7 13. Bd2 Bg7 14. Qb3+ Kf8 15. exf6
Qxf6 16. Bxc6 Qxb2 17. Qe3 Bf6 18. Qe8+ Kg7 19. Re7+ Bxe7 20. Qxe7+ Kg8 21. Bh6
Qxa1 22. Qf8# 1-0

[Event "Ogolnopolska Olimpiada Mlodziezy w Sportach Umyslowych - C14"]
[Site "Walbrzych, Zamek Ksiaz"]
[Date "2013-04-17"]
[Round "3.14"]
[White "Klementowski, Dawid"]
[Black "Kotarski, Bartosz"]
[Result "0-1"]
[WhiteTitle "I"]
[BlackTitle "II"]
[WhiteElo "1734"]
[BlackElo "1449"]

1. e4 c5 2. Nf3 e6 3. c4 Nc6 4. Nc3 d6 5. d4 cxd4 6. Nxd4 Nf6 7. Nxc6 bxc6 8. Bd3
Be7 9. O-O O-O 10. Qe2 e5 11. h3 Be6 12. Kh1 Qc7 13. f4 exf4 14. Bxf4 Nd7 15.
Rac1 Bf6 16. Bb1 Be5 17. a3 a5 18. Ba2 Bxf4 19. Rxf4 d5 20. Rh4 d4 21. Qh5 Nf6
22. Qg5 dxc3 23. Rxc3 Rad8 24. Bb3 Rd4 25. Rg3 g6 26. Re3 Rfd8 27. Re1 a4 28.
Bxa4 Rxc4 29. Bb3 Rxe4 30. Rexe4 Nxe4 31. Qh6 Nf6 32. Qe3 Bxb3 33. Qxb3 Qe5 34.
Rb4 Ne4 35. a4 Rd1+ 0-1

[Event "Ogolnopolska Olimpiada Mlodziezy w Sportach Umyslowych - C14"]
[Site "Walbrzych, Zamek Ksiaz"]
[Date "2013-04-17"]
[Round "3.15"]
[White "Nowak, Kamil"]
[Black "Rudecki, Bartosz"]
[Result "1-0"]
[WhiteTitle "II+"]
[BlackTitle "II"]
[WhiteElo "1728"]
[BlackElo "1649"]

1. e4 e5 2. Nf3 Nc6 3. Bb5 f5 4. Nc3 fxe4 5. Nxe4 d5 6. Nxe5 dxe4 7. Nxc6 Qg5 8.
Qe2 Nf6 9. f4 Qxf4 10. d4 Qd6 11. Ne5+ c6 12. Bc4 Be6 13. Bf4 O-O-O 14. c3 Bxc4
15. Qxc4 Ng4 16. O-O Nxe5 17. Bxe5 Qg6 18. Qf7 Bd6 19. Qxg6 hxg6 20. Bxd6 Rxd6
21. Rf7 Rd7 22. Raf1 Re8 23. R1f4 Re6 24. Rf8+ Kc7 25. Kf2 Kd6 26. Ke3 Kd5 27.
R8f7 Rde7 28. Rxe7 Rxe7 29. Rg4 Re6 30. Rg5+ Kd6 31. c4 a6 32. c5+ Ke7 33. Rg4
Kf6 34. Rxe4 Rxe4+ 35. Kxe4 Kg5 36. Ke5 Kh4 37. Kd6 g5 38. Kc7 g4 39. Kxb7 1-0

[Event "Ogolnopolska Olimpiada Mlodziezy w Sportach Umyslowych - C14"]
[Site "Walbrzych, Zamek Ksiaz"]
[Date "2013-04-17"]
[Round "3.16"]
[White "Szulc, Filip"]
[Black "Oleszek, Maciej"]
[Result "1/2-1/2"]
[WhiteTitle "II+"]
[BlackTitle "II+"]
[WhiteElo "1615"]
[BlackElo "1667"]

1. e4 c5 2. Nf3 d6 3. d4 cxd4 4. Nxd4 Nf6 5. f3 a6 6. c4 g6 7. Nc3 Bg7 8. Be3 Nc6
9. Qd2 O-O 10. Be2 Bd7 11. O-O Rc8 12. Rac1 Ne5 13. b3 Bc6 14. Nd5 Ned7 15. Rfd1
Re8 16. Bh6 Kh8 17. Bg5 a5 18. Nxf6 Bxf6 19. Bxf6+ Nxf6 20. Qe3 Qb6 21. Kf2 Red8
22. c5 dxc5 23. Nxc6 Rxc6 24. Rxd8+ Qxd8 25. Rxc5 Qc7 26. Rxc6 Qxc6 27. a4 Qc7
28. g3 b6 29. Bc4 Kg7 30. Kg2 e5 31. Qd2 Nd7 32. Qd5 Nc5 33. Qd2 Kg8 34. Bd5 Kg7
35. Bc4 Kg8 36. Bd5 Kg7 37. Bc4 Kg8 38. Bd5 Kg7 39. Bc4 Kg8 40. Bd5 Kg7 41. Bc4
1/2-1/2

[Event "Ogolnopolska Olimpiada Mlodziezy w Sportach Umyslowych - C14"]
[Site "Walbrzych, Zamek Ksiaz"]
[Date "2013-04-17"]
[Round "3.17"]
[White "Bandyk, Sebastian"]
[Black "Michalski, Filip"]
[Result "1/2-1/2"]
[WhiteTitle "II+"]
[BlackTitle "II"]
[WhiteElo "1582"]
[BlackElo "1665"]

1. e4 e6 2. d4 d5 3. Nc3 dxe4 4. Nxe4 Nd7 5. Nf3 Ngf6 6. Nxf6+ Nxf6 7. Bd3 Be7
8. O-O O-O 9. Bg5 b6 10. c4 Bb7 11. Ne5 Rc8 12. Re1 c5 13. Re3 g6 14. Bh6 Re8
15. Qc2 Bd6 16. Rg3 Bxe5 17. dxe5 Nh5 18. Re3 Qd4 19. Rd1 Qg4 20. f3 Qh4 21. Qf2
Qxf2+ 22. Kxf2 Red8 23. Ree1 Ng7 24. Bxg7 Kxg7 25. Bc2 a6 26. Rxd8 Rxd8 27. Rd1
Rxd1 28. Bxd1 b5 29. cxb5 axb5 30. Be2 Bc6 31. a3 f6 32. exf6+ Kxf6 33. Ke3 e5
34. Bd3 Ke6 35. Kd2 Kd6 36. Bc2 c4 37. Kc3 Kc5 38. Bb1 Bd5 39. Bc2 Bc6 40. Bb1
Bd5 41. Bc2 Bc6 1/2-1/2

[Event "Ogolnopolska Olimpiada Mlodziezy w Sportach Umyslowych - C14"]
[Site "Walbrzych, Zamek Ksiaz"]
[Date "2013-04-17"]
[Round "3.18"]
[White "Pytel, Przemyslaw"]
[Black "Kaczkowski, Maciej"]
[Result "0-1"]
[WhiteTitle "II"]
[BlackTitle "II"]
[WhiteElo "1389"]
[BlackElo "1651"]

1. e4 e5 2. Nf3 Nc6 3. Bc4 Nf6 4. d3 Be7 5. c3 O-O 6. Nbd2 d5 7. Bb3 h6 8. O-O
Re8 9. Re1 Bf8 10. Nf1 Be6 11. Ng3 b5 12. h3 a5 13. a3 a4 14. Ba2 dxe4 15. Nxe4
Bxa2 16. Rxa2 Nxe4 17. dxe4 Qxd1 18. Rxd1 Rad8 19. Rxd8 Rxd8 20. Nd2 Na5 21. Kf1
Nb3 22. Nxb3 axb3 23. Ra1 Rd1+ 24. Ke2 Rh1 25. c4 bxc4 26. a4 Bb4 27. a5 Re1+
28. Kf3 Bxa5 29. Rxa5 Rxc1 30. Rb5 Rc2 31. Rb4 c5 32. Rb5 Rxb2 33. Rxc5 Rc2 34.
Rb5 b2 35. Ke3 c3 36. Kd3 Rc1 0-1

[Event "Ogolnopolska Olimpiada Mlodziezy w Sportach Umyslowych - C14"]
[Site "Walbrzych, Zamek Ksiaz"]
[Date "2013-04-17"]
[Round "3.19"]
[White "Szustakowski, Antoni"]
[Black "Adamczyk, Pawel"]
[Result "0-1"]
[WhiteTitle "II"]
[BlackTitle "II"]
[WhiteElo "1531"]
[BlackElo "1645"]

1. d4 d5 2. c4 c6 3. e3 e6 4. Nc3 Nf6 5. Nf3 Nbd7 6. Qc2 Bd6 7. Be2 dxc4 8. Bxc4
e5 9. Ng5 O-O 10. Nf3 b5 11. Bd3 a6 12. O-O Bb7 13. Rd1 Qc7 14. Nxe5 Nxe5 15.
dxe5 Bxe5 16. f4 Bd6 17. Ne4 Nxe4 18. Bxe4 h6 19. b3 Be7 20. Bb2 c5 21. Bxb7 Qxb7
22. Rab1 Rfd8 23. Rxd8+ Rxd8 24. Qc3 Bf6 25. Qc2 Bxb2 26. Qxb2 Qe4 27. Re1 c4
28. bxc4 bxc4 29. Re2 f6 30. Qc2 Rd3 31. Kf2 Qd5 32. h3 h5 33. Ke1 Qe4 34. Kf2
Kh7 35. Kg1 f5 36. Kf2 Rxe3 37. Qxe4 Rxe4 38. Kf3 Rd4 39. Re3 Kg8 40. Re8+ Kf7
41. Re3 Kf6 42. h4 Rd6 43. Rc3 Rd4 44. Re3 Kf7 45. Re5 g6 46. Re3 Kf6 47. g3 Kf7
48. Ke2 Re4 49. Kf3 Re6 50. Rc3 Re4 51. Re3 Rd4 52. Ke2 Rd5 53. Rc3 Ra5 54. Rxc4
Rxa2+ 55. Kf3 Ra3+ 56. Kf2 a5 57. Rc6 a4 58. Ra6 Ra1 59. Ke2 a3 60. Kd2 a2 61.
Kc2 Rg1 62. Rxa2 Rg2+ 63. Kb3 Rxa2 64. Kxa2 Ke6 65. Kb3 Kd5 66. Kc3 Ke4 67. Kd2
Kf3 68. Kd3 Kxg3 69. Ke3 Kg4 70. Kf2 Kxf4 71. Kg2 Ke3 72. Kg1 f4 0-1

[Event "Ogolnopolska Olimpiada Mlodziezy w Sportach Umyslowych - C14"]
[Site "Walbrzych, Zamek Ksiaz"]
[Date "2013-04-17"]
[Round "3.20"]
[White "Fukowski, Pawel"]
[Black "Slomczewski, Michal"]
[Result "1-0"]
[WhiteTitle "I"]
[BlackTitle "II"]
[WhiteElo "1641"]
[BlackElo "1541"]

1. d4 c5 2. d5 e6 3. c4 exd5 4. cxd5 d6 5. Nc3 g6 6. e4 Bg7 7. Bd3 Nd7 8. f4 a6
9. a4 Qc7 10. Qe2 Ne7 11. Nf3 O-O 12. O-O b6 13. Bd2 Bb7 14. Bc4 Rfe8 15. Rae1
Nf5 16. g4 Nd4 17. Qd3 Qc8 18. h3 Qd8 19. Kg2 Nxf3 20. Rxf3 Qh4 21. Rg3 Qf6 22.
Be3 Qe7 23. Bf2 Nf8 24. g5 Qd7 25. Ra1 Qe7 26. Re3 Qd7 27. Kg3 Bc8 28. Kh2 h6
29. gxh6 Bxh6 30. Ne2 Bg7 31. Ra2 Nh7 32. Bh4 Qc7 33. b3 Nf6 34. Ng3 Nh7 35. Rg2
Qd7 36. Ne2 Rb8 37. Nc3 Bxc3 38. Qxc3 b5 39. axb5 axb5 40. Bd3 c4 41. Reg3 Nf8
42. bxc4 bxc4 43. Qxc4 Bb7 44. Qd4 Ra8 45. f5 Ra4 46. Qb2 Raxe4 47. Bxe4 Rxe4
48. fxg6 fxg6 49. Bf6 Kh7 50. Rg4 Bxd5 51. Rxe4 Bxe4 52. Rg4 Qf5 53. Qd4 Nd7 54.
Bh8 Qf7 55. Rxe4 d5 56. Rf4 Qe7 57. Bf6 Qe6 58. Rh4+ Kg8 59. Rh8+ Kf7 60. Rh7+
Kg8 61. Rg7+ Kf8 62. Qb4+ Ke8 63. Re7+ Qxe7 64. Qxe7# 1-0

[Event "Ogolnopolska Olimpiada Mlodziezy w Sportach Umyslowych - C14"]
[Site "Walbrzych, Zamek Ksiaz"]
[Date "2013-04-17"]
[Round "3.21"]
[White "Krasinski, Mateusz"]
[Black "Tylenda, Krzysztof"]
[Result "1/2-1/2"]
[WhiteTitle "II"]
[BlackTitle "II+"]
[WhiteElo "1646"]
[BlackElo "1507"]

1. e4 c5 2. Nf3 Nc6 3. d4 cxd4 4. Nxd4 g6 5. c4 Bg7 6. Nc2 Nf6 7. Nc3 O-O 8. Be2
d6 9. O-O Nd7 10. Be3 Bxc3 11. bxc3 Qa5 12. Qd2 Nc5 13. f3 Na4 14. Bh6 Re8 15.
Nb4 Nxb4 16. cxb4 Qc7 17. Rfd1 Be6 18. Rac1 Rac8 19. Qd4 f6 20. c5 dxc5 21. Bb5
Red8 22. Qe3 Rxd1+ 23. Rxd1 Nb2 24. Rd2 Nc4 25. Bxc4 Bxc4 26. Qxc5 Qxc5+ 27. bxc5
Rxc5 28. Rd7 Bxa2 29. Rxe7 Rb5 30. Rg7+ Kh8 31. Rc7 Kg8 32. Rg7+ Kh8 33. Rc7 Kg8
34. Rg7+ Kh8 35. Rc7 Kg8 36. Rg7+ Kh8 37. Rc7 1/2-1/2

[Event "Ogolnopolska Olimpiada Mlodziezy w Sportach Umyslowych - C14"]
[Site "Walbrzych, Zamek Ksiaz"]
[Date "2013-04-17"]
[Round "3.22"]
[White "Ruttar, Lukasz"]
[Black "Domanski, Lukasz"]
[Result "0-1"]
[WhiteTitle "II"]
[BlackTitle "II"]
[WhiteElo "1471"]
[BlackElo "1637"]

1. e4 c5 2. Nf3 e6 3. d4 cxd4 4. Nxd4 a6 5. Nc3 Nf6 6. Be3 Bb4 7. f3 Qc7 8. Qd2
d5 9. Bd3 e5 10. Nb3 d4 11. Nxd4 exd4 12. Bxd4 Nbd7 13. O-O-O O-O 14. Qg5 h6 15.
Qh4 Bc5 16. Bxc5 Nxc5 17. Be2 Be6 18. g4 Qf4+ 19. Kb1 Rfd8 20. Qf2 Qc7 21. Qe3
Rxd1+ 22. Rxd1 Rc8 23. Rc1 b5 24. a3 Rb8 25. h4 b4 26. Na2 Na4 27. axb4 Bxa2+
28. Kxa2 Rxb4 29. b3 Nc3+ 30. Kb2 Nxe2 31. Qxe2 a5 32. Ra1 Rb8 33. Qa6 Rc8 34.
Qd3 Nd7 35. Rc1 a4 36. bxa4 Rb8+ 37. Ka2 Nc5 38. Qc3 Qa7 39. Qd4 Qb7 40. a5 Qb5
0-1

[Event "Ogolnopolska Olimpiada Mlodziezy w Sportach Umyslowych - C14"]
[Site "Walbrzych, Zamek Ksiaz"]
[Date "2013-04-17"]
[Round "3.23"]
[White "Kozakow, Aleksy"]
[Black "Molenda, Mikolaj"]
[Result "1/2-1/2"]
[WhiteTitle "II+"]
[BlackTitle "II"]
[WhiteElo "1619"]
[BlackElo "1346"]

1. Nf3 g6 2. g3 Bg7 3. Bg2 d5 4. d4 Nf6 5. O-O Nc6 6. c3 O-O 7. Nbd2 Re8 8. e3
e5 9. dxe5 Nxe5 10. Qe2 Bf5 11. Nxe5 Rxe5 12. Nf3 Re7 13. Rd1 Be4 14. b3 Qe8 15.
Ba3 Rd7 16. Bb2 Bxf3 17. Bxf3 Ne4 18. c4 Bxb2 19. Qxb2 Rad8 20. Rxd5 Rxd5 21.
cxd5 Rxd5 22. Qc2 Qe5 23. Re1 f5 24. Bxe4 fxe4 25. Qc4 Kg7 26. Rc1 c6 27. Qb4
Rb5 28. Qd2 Rd5 29. Qb4 Rb5 30. Qd2 Rd5 31. Qb4 Rb5 1/2-1/2

[Event "Ogolnopolska Olimpiada Mlodziezy w Sportach Umyslowych - C14"]
[Site "Walbrzych, Zamek Ksiaz"]
[Date "2013-04-17"]
[Round "4.1"]
[White "Tomczak, Mikolaj"]
[Black "Grela, Kacper"]
[Result "1-0"]
[WhiteTitle "I+"]
[BlackTitle "I"]
[WhiteElo "1990"]
[BlackElo "1979"]

1. e4 c5 2. Nf3 Nc6 3. d4 cxd4 4. Nxd4 Nf6 5. Nc3 e5 6. Ndb5 d6 7. Bg5 a6 8. Na3
b5 9. Nd5 Be7 10. Bxf6 Bxf6 11. c3 O-O 12. Nc2 Rb8 13. Be2 Bg5 14. Qd3 a5 15.
O-O Be6 16. Rad1 Qd7 17. a3 Bd8 18. b4 a4 19. Qd2 Ne7 20. Nce3 f5 21. Nxe7+ Bxe7
22. Nxf5 Bxf5 23. exf5 Qxf5 24. Qd5+ Kh8 25. Bxb5 Rf6 26. Bxa4 Rbf8 27. Rd2 Rh6
28. Bd1 Bg5 29. Rd3 Bf4 30. g3 Qg6 31. Bf3 Re8 32. Qe4 Qg5 33. Bg2 Qh5 34. h3
Bg5 35. Rfd1 Be7 36. a4 Rf8 37. a5 Rhf6 38. R1d2 Qf7 39. Qe2 Qb3 40. Qe1 Qa3 41.
Bd5 Qa4 42. Kg2 Qd7 43. Qe2 Rxf2+ 44. Qxf2 Rxf2+ 45. Rxf2 Bf6 46. Be4 Qc7 47.
a6 Qc4 48. Bb7 Qc7 49. Rxd6 Qb8 50. Rd8+ 1-0

[Event "Ogolnopolska Olimpiada Mlodziezy w Sportach Umyslowych - C14"]
[Site "Walbrzych, Zamek Ksiaz"]
[Date "2013-04-17"]
[Round "4.2"]
[White "Walter, Szymon"]
[Black "Winiarski, Mikolaj"]
[Result "0-1"]
[WhiteTitle "I+"]
[BlackTitle "I+"]
[WhiteElo "1925"]
[BlackElo "2096"]

1. e4 c5 2. Nf3 d6 3. c3 Nf6 4. Be2 Nc6 5. d3 g6 6. Nbd2 Bg7 7. O-O O-O 8. h3 e5
9. Ne1 d5 10. exd5 Nxd5 11. Ne4 b6 12. Bf3 Bb7 13. Qe2 h6 14. g3 f5 15. Nd2 Kh7
16. Kh2 Qd7 17. Nc4 b5 18. Ne3 Nb6 19. g4 Ne7 20. gxf5 Bxf3 21. Nxf3 Nxf5 22.
Ng4 Qe7 23. Re1 Rae8 24. Bd2 Nh4 25. Ng1 h5 26. Ne3 e4 27. Ng2 Qc7+ 28. Kh1 Nf3
29. Nxf3 exf3 30. Qxe8 Rxe8 31. Rxe8 Qd7 0-1

[Event "Ogolnopolska Olimpiada Mlodziezy w Sportach Umyslowych - C14"]
[Site "Walbrzych, Zamek Ksiaz"]
[Date "2013-04-17"]
[Round "4.3"]
[White "Wacior, Maciej"]
[Black "Koziol, Kamil"]
[Result "1-0"]
[WhiteTitle "II+"]
[BlackTitle "I++"]
[WhiteElo "1703"]
[BlackElo "2006"]

1. d4 d5 2. c4 Nc6 3. cxd5 Qxd5 4. Nf3 e5 5. Nc3 Bb4 6. a3 Bxc3+ 7. bxc3 e4 8.
Nd2 Bg4 9. Qb3 Qxb3 10. Nxb3 f5 11. Bf4 O-O-O 12. e3 Nf6 13. h3 Bh5 14. c4 Rhe8
15. Rb1 Bf7 16. Be2 b6 17. O-O Re7 18. d5 Nb8 19. Nd4 Bg6 20. Rfd1 Rde8 21. Nb5
a6 22. d6 axb5 23. dxe7 bxc4 24. Bxc4 Rxe7 25. Rdc1 Kb7 26. Bb5 Be8 27. Bg5 Rf7
28. Bc4 Rf8 29. Bf4 Bc6 30. Bb5 Nfd7 31. a4 g6 32. Bxc6+ Nxc6 33. a5 Rf7 34. a6+
1-0

[Event "Ogolnopolska Olimpiada Mlodziezy w Sportach Umyslowych - C14"]
[Site "Walbrzych, Zamek Ksiaz"]
[Date "2013-04-17"]
[Round "4.4"]
[White "Szostko, Jakub"]
[Black "Janik, Igor"]
[Result "1/2-1/2"]
[WhiteTitle "I+"]
[BlackTitle "I+"]
[WhiteElo "1858"]
[BlackElo "1889"]

1. Nf3 Nf6 2. g3 g6 3. Bg2 Bg7 4. O-O O-O 5. d4 d6 6. Nc3 Nc6 7. e4 Bg4 8. h3 Bxf3
9. Bxf3 e5 10. Be3 exd4 11. Bxd4 Nxd4 12. Qxd4 Nd7 13. Qc4 Ne5 14. Qe2 c6 15.
Bg2 Qb6 16. Nd1 Rae8 17. c3 f5 18. exf5 gxf5 19. Qh5 Re6 20. Ne3 Ref6 21. Qd1
Kh8 22. Qb3 f4 23. Qxb6 axb6 24. Ng4 f3 25. Nxf6 fxg2 26. Kxg2 Bxf6 27. Rad1 d5
28. b3 Kg7 29. c4 dxc4 30. f4 Nd3 31. bxc4 Nb2 32. Rd7+ Rf7 33. Rxf7+ Kxf7 34.
Rc1 c5 35. Kf3 Ke6 36. g4 h6 37. Rc2 Nd3 38. Re2+ Kf7 39. Ke4 Nb4 40. h4 Bxh4
41. Rh2 Bf6 42. Rxh6 b5 43. a3 Nc2 44. cxb5 Nxa3 45. g5 Be7 46. g6+ Kf6 47. Rh7
Nxb5 1/2-1/2

[Event "Ogolnopolska Olimpiada Mlodziezy w Sportach Umyslowych - C14"]
[Site "Walbrzych, Zamek Ksiaz"]
[Date "2013-04-17"]
[Round "4.5"]
[White "Szmer, Aleksander"]
[Black "Wisniewski, Michal"]
[Result "0-1"]
[WhiteTitle "I"]
[BlackTitle "I"]
[WhiteElo "1739"]
[BlackElo "1848"]

1. e4 c5 2. Nf3 d6 3. c3 g6 4. h3 Bg7 5. d4 Nc6 6. dxc5 dxc5 7. Qxd8+ Nxd8 8. Be3
b6 9. Na3 Bd7 10. O-O-O Ne6 11. Ng5 Nxg5 12. Bxg5 h6 13. Bb5 Bxb5 14. Nxb5 Be5
15. Be3 a6 16. Na3 Bc7 17. g4 Nf6 18. f3 Nd7 19. Rd2 O-O-O 20. Rhd1 g5 21. b3
Ne5 22. Rxd8+ Rxd8 23. Rxd8+ Kxd8 24. Nc4 Nxf3 25. Kd1 Ne5 26. Nxe5 Bxe5 27. Kc2
e6 28. Kd3 Kd7 29. c4 Kd6 30. Ke2 Bc3 31. Kf3 Ke5 32. Bf2 f5 33. exf5 exf5 34.
Bg3+ f4 35. Bf2 Bd4 36. Be1 Bb2 37. Bf2 Bc3 38. h4 Bd4 39. Be1 Bb2 40. hxg5 hxg5
41. a3 Kd4 42. a4 a5 43. Bd2 Kd3 44. Bxf4 gxf4 45. g5 Kc3 46. b4 Kxb4 47. Kxf4
Bc1+ 48. Kf5 Bxg5 49. Kxg5 Kxc4 50. Kf5 Kb4 51. Ke4 Kxa4 52. Kd3 Kb3 53. Kd2 Kb2
54. Kd3 a4 55. Kc4 a3 56. Kb5 a2 57. Kxb6 a1=Q 58. Kxc5 Qc1+ 59. Kb4 Qc3+ 60.
Kb5 Qd4 0-1